Biomasa

Všeobecná definícia biomasy. Základné ekonomické vzťahy pri spotrebe biomasy. Výpočet porovnateľnej ceny 1 jednotky energie získanej z biomasy. Pestovanie biomasy ako nástroj na zvyšovanie konkurencieschopnosti poľnohospodárskeho podniku. Celospoločenský prínos pestovania energetickej biomasy.

Gespeichert in:
Bibliographische Detailangaben
1. Verfasser: Tóth, Miroslav, 1961-
Format: Buchkapitel
Sprache:Slowakisch
Schlagworte:
Tags: Tag hinzufügen
Keine Tags, Fügen Sie das erste Tag hinzu!

MARC

LEADER 00000nla$a2200000$$$4500
001 0143369
005 20240502072554.9
041 0 |a slo 
044 |a SK 
245 1 0 |a Biomasa  |c Miroslav Tóth 
520 |a Všeobecná definícia biomasy. Základné ekonomické vzťahy pri spotrebe biomasy. Výpočet porovnateľnej ceny 1 jednotky energie získanej z biomasy. Pestovanie biomasy ako nástroj na zvyšovanie konkurencieschopnosti poľnohospodárskeho podniku. Celospoločenský prínos pestovania energetickej biomasy. 
610 2 0 |a biomasa 
610 2 0 |a energetika 
610 2 0 |a zdroje energie prírodné 
610 2 0 |a poľnohospodárstvo 
610 2 0 |a konkurencieschopnosť 
100 1 |a Tóth, Miroslav, 1961-